00584nam a22002177a 450000500170000001000110001702000100002803500110003803700160004904000120006508200160007710000200009324500770011326000510019027000520024130000200029350000200031365000210033365000090035470000030036320170124105957.0 a970652 c00.00 a970652 bCen Lib/Ret aDPLbEN a362.71bDES aDesouza, Alfred aChildren in creshes :cby Alfred Desouza bday care for the urban poor / aNew DelhibIntellectual publishing housec00?? bNew DelhiaE/92, Greater Kailash part 2e110048 a116p.c21cm(Hb) aIncludes index  aDay care centers aPoor